Gares sur la ligne de Creil à Calais - Statistiques

Statistiques générales
  • Ce quiz a été pris 16 fois
  • Le résultat moyen est 15 sur 41
Statistiques - réponses
Département Gare % Correct
Oise (60) Creil
93%
(80) Amiens
87%
(80) Abbeville
53%
(62) Calais - Fréthun
53%
Pas-de-Calais (62) Calais-Ville
53%
Pas-de-Calais (62) Rang-du-Fliers - Verton - Berck
53%
Oise (60) Breteuil-Embranchement
47%
(62) Etaples - Le Touquet
47%
(80) Longueau
47%
(60) Saint-Just-en-Chaussée
47%
(62) Wimille - Wimereux
47%
(80) Ailly-sur-Noye
40%
(62) Boulogne-Tintelleries
40%
(60) Clermont-de-l'Oise
40%
(62) Dannes - Camiers
40%
(62) Les Fontinettes
40%
(60) Liancourt - Rantigny
40%
(80) Longpré-les-Corps-Saints
40%
(62) Marquise - Rinxent
40%
(62) Neufchâtel-Hardelot
40%
(62) Pihen
40%
Somme (80) Rue
40%
(80) Saint-Roch (Somme)
40%
(62) Boulogne-Ville
33%
(62) Caffiers
33%
(80) Noyelles-sur-Mer
33%
(80) Ailly-sur-Somme
27%
(62) Hesdigneul
27%
(60) Laigneville
27%
(60) Avrechy
20%
(80) Boves
20%
(80) Dreuil-lès-Amiens
20%
(60) Gannes
20%
(80) Hangest-sur-Somme
20%
(80) Picquigny
20%
(62) Pont-de-Briques
20%
(80) Pont-Remy
20%
(60) Saint-Rémy-en-l'Eau
20%
(80) Dommartin-Remiencourt
13%
Somme (80) La Faloise
13%
(62) Le Haut-Blanc
13%
Aucun quiz correspondant
Distribution des résultats
% des personnes avec chaque résultat
Percentile par nombre de réponses
Votre historique - résultats
Vous n’avez pas pris ce quiz